| 000 | 00762nam a2200205 a 4500 | ||
|---|---|---|---|
| 005 | 20230524063753.0 | ||
| 008 | 991125s1974 mx 000 0 spa u | ||
| 035 | _aUPN01000037237 | ||
| 049 | _aLTG | ||
| 050 | 4 |
_aLB1589 _bM6.6 1974 |
|
| 100 | 1 | _aConstantino Domínguez, Carlos César | |
| 245 | 1 | 0 |
_aMatemáticas : _bsexto grado / _cCarlos César Constantino Domínguez, Francisco Madrigal Vega. |
| 260 |
_aMéxico : _bSEP, Comisión Nacional de los Libros de Texto Gratuitos, _c1974. |
||
| 300 |
_a192 p. : _bil. col. |
||
| 501 | _aCon: Matemáticas : sexto grado : libro del maestro | ||
| 500 | _aLibro de texto gratuito | ||
| 650 | 4 |
_aMatemáticas _xEstudio y enseñanza (Elemental) _92809 |
|
| 700 | 1 |
_aMadrigal Vega, Francisco, _ecoaut. |
|
| 905 | _aLibro | ||
| 999 |
_c37237 _d37237 |
||